000 00361 a2200157 4500
001 121430
020 _a7898901485025
040 _cEscola Canadense de Niteroi
245 1 0 _aMapa Brasil: Politico - Estatístico - Rodoviário
250 _aAtualizada 2020
362 0 _a2020
650 4 _aMapa
650 4 _aGeografia
650 4 _aBrasil
942 _cMATP
999 _c121430
_d121430